[Event "Donostia Gipuzkoa-ch"]
[Site "San Sebastian"]
[Date "2013.10.19"]
[Round "3"]
[White "Izagirre Alsua, Aritz"]
[Black "Navascues Zabaleta, Jesus"]
[Result "1-0"]
[WhiteElo "1925"]
[BlackElo "1778"]
[PlyCount "117"]
[EventDate "2013.10.05"]
[EventType "swiss"]
[EventRounds "7"]
[EventCountry "ESP"]
[SourceTitle "EXT 2015"]
[Source "ChessBase"]
[SourceDate "2014.11.20"]
[SourceVersion "1"]
[SourceVersionDate "2014.11.20"]
[SourceQuality "1"]

1. e4 c5 2. Nc3 Nc6 3. g3 g6 4. Bg2 Bg7 5. d3 d6 6. Be3 e6 7. Qd2 Nge7 8. f4 0-0 9. Nf3 Nd4 10. 0-0 Qb6 11. Nd1 Nec6 12. Ne1 Na5 13. Rb1 Qd8 14. c3 Nb5 15. f5 exf5 16. Bh6 Nc6 17. Bxg7 Kxg7 18. Ne3 fxe4 19. dxe4 Be6 20. b3 Ne5 21. h3 Qe7 22. Nd3 Rad8 23. Nf4 Nc7 24. Rf2 b6 25. Rbf1 f6 26. Kh2 Nd7 27. Nxe6+ Qxe6 28. Ng4 Ne8 29. Qh6+ Kg8 30. Qd2 Ne5 31. Ne3 Nc7 32. Rf4 g5 33. Rf5 Kg7 34. h4 h6 35. Bh3 Qe7 36. R5f2 Kh7 37. Bf5+ Kg7 38. Qe2 Qf7 39. Bh3 Ne8 40. hxg5 hxg5 41. Nf5+ Kg6 42. Kg2 Rh8 43. Rh1 Ng7 44. Ne3 Ne8 45. Bf5+ Kg7 46. Rxh8 Kxh8 47. Kg1 Ng7 48. Rh2+ Kg8 49. Bh7+ Kf8 50. Nf5 g4 51. Rh1 d5 52. Nh6 Qe7 53. Nf5 Nxf5 54. Bxf5 Nf3+ 55. Kg2 dxe4 56. Rh8+ Kf7 57. Rh7+ Kf8 58. Rxe7 Rd2 59. Rxe4 1-0

[Event "Donostia Gipuzkoa-ch"]
[Site "San Sebastian"]
[Date "2013.10.12"]
[Round "2"]
[White "Navascues Zabaleta, Jesus"]
[Black "Parron Luceno, David"]
[Result "1-0"]
[WhiteElo "1778"]
[BlackElo "1582"]
[PlyCount "89"]
[EventDate "2013.10.05"]
[EventType "swiss"]
[EventRounds "7"]
[EventCountry "ESP"]
[SourceTitle "EXT 2015"]
[Source "ChessBase"]
[SourceDate "2014.11.20"]
[SourceVersion "1"]
[SourceVersionDate "2014.11.20"]
[SourceQuality "1"]

1. e4 c6 2. d4 d6 3. Nf3 Bg4 4. Be2 g6 5. c4 Bg7 6. Be3 Qb6 7. Qd2 Nf6 8. Nc3 Qa5 9. 0-0 0-0 10. h3 Bxf3 11. Bxf3 Nbd7 12. Rac1 Rfd8 13. b3 c5 14. Rfd1 cxd4 15. Bxd4 Ne5 16. Be2 Rac8 17. f3 Nc6 18. Be3 Nh5 19. Nd5 Qxd2 20. Bxd2 e6 21. Nc3 Ng3 22. Bd3 Nb4 23. Be1 Nxd3 24. Rxd3 Bxc3 25. Bxg3 Bb4 26. Rcd1 e5 27. Bxe5 Rc6 28. Bf4 f6 29. Bg3 Kf7 30. e5 fxe5 31. Bxe5 Ra6 32. a4 Ke6 33. Bg3 Rc6 34. Be1 Ba3 35. Bc3 a6 36. Be1 Rd7 37. b4 Bb2 38. c5 d5 39. Bg3 a5 40. Rb3 Bf6 41. bxa5 Rxc5 42. Rdb1 Bd4+ 43. Kf1 Rxa5 44. Rxb7 h6 45. Re1+ 1-0

[Event "Benidorm op U2000 11th"]
[Site "Benidorm"]
[Date "2012.11.30"]
[Round "1"]
[White "Moya de la Flor, Daniel"]
[Black "Navascues Zabaleta, Jesus"]
[Result "1-0"]
[WhiteElo "1976"]
[BlackElo "1769"]
[PlyCount "55"]
[EventDate "2012.11.30"]
[EventType "swiss"]
[EventRounds "10"]
[EventCountry "ESP"]
[SourceTitle "EXT 2014"]
[Source "ChessBase"]
[SourceDate "2013.11.20"]
[SourceVersion "1"]
[SourceVersionDate "2013.11.20"]
[SourceQuality "1"]

1. e4 c5 2. Nf3 Nc6 3. d4 cxd4 4. Nxd4 Nf6 5. Nc3 g6 6. Bc4 Bg7 7. Be3 0-0 8. Bb3 a6 9. f3 b5 10. Qd2 Qc7 11. g4 Bb7 12. 0-0-0 Na5 13. Kb1 Rac8 14. h4 Nc4 15. Bxc4 Qxc4 16. h5 d6 17. Bh6 b4 18. Na4 e5 19. Bxg7 Kxg7 20. Nf5+ Kh8 21. Nxd6 Qc6 22. Nxc8 Rxc8 23. b3 Rc7 24. hxg6 fxg6 25. Nb2 a5 26. Nc4 Rd7 27. Qe3 Rc7 28. Rd6 1-0

[Event "San Sebastian Primavera de Gros op 8th"]
[Site "San Sebastian"]
[Date "2012.05.12"]
[Round "4"]
[White "Navascues Zabaleta, Jesus"]
[Black "Ros Eskisabel, Jose Ramon"]
[Result "0-1"]
[WhiteElo "1755"]
[BlackElo "2100"]
[PlyCount "58"]
[EventDate "2012.04.21"]
[EventType "swiss"]
[EventRounds "7"]
[EventCountry "ESP"]
[SourceTitle "EXT 2014"]
[Source "ChessBase"]
[SourceDate "2013.11.20"]
[SourceVersion "1"]
[SourceVersionDate "2013.11.20"]
[SourceQuality "1"]

1. e4 Nf6 2. e5 Nd5 3. Nc3 Nxc3 4. bxc3 d5 5. d4 c5 6. f4 Nc6 7. Nf3 Bg4 8. Bb5 e6 9. 0-0 Rc8 10. Be3 a6 11. Bd3 g6 12. Qe1 Be7 13. Rb1 Qd7 14. h3 Bxf3 15. Rxf3 h5 16. a3 c4 17. Be2 Bxa3 18. Rb6 h4 19. Qb1 Rb8 20. Rf1 Be7 21. Qa2 0-0 22. Qa4 Nxe5 23. Ra1 Nc6 24. Bc1 Rfc8 25. Ba3 Bd8 26. Rb2 Qc7 27. Rab1 b5 28. Qxa6 Ra8 29. Qxb5 Rxa3 0-1

[Event "San Sebastian Primavera de Gros op 8th"]
[Site "San Sebastian"]
[Date "2012.05.05"]
[Round "3"]
[White "Navascues Zabaleta, Jesus"]
[Black "Rodriguez Cabrera, Francisco Javier"]
[Result "1-0"]
[WhiteElo "1755"]
[BlackElo "1970"]
[PlyCount "53"]
[EventDate "2012.04.21"]
[EventType "swiss"]
[EventRounds "7"]
[EventCountry "ESP"]
[SourceTitle "EXT 2014"]
[Source "ChessBase"]
[SourceDate "2013.11.20"]
[SourceVersion "1"]
[SourceVersionDate "2013.11.20"]
[SourceQuality "1"]

1. e4 c5 2. Nf3 Nc6 3. d4 cxd4 4. Nxd4 Nf6 5. Nc3 d6 6. f3 g6 7. Be3 Bg7 8. Qd2 0-0 9. 0-0-0 Bd7 10. g4 a6 11. h4 h5 12. g5 Ne8 13. Nd5 b5 14. Nxc6 Bxc6 15. Bb6 Qd7 16. Bh3 Qb7 17. Ba5 e6 18. Nf6+ Nxf6 19. gxf6 Bxf6 20. Qxd6 Rac8 21. Rhg1 Kh7 22. Qf4 Qe7 23. e5 Bg7 24. Bb4 Qc7 25. Bd6 Qxd6 26. Rxd6 Bh6 27. Rg5 1-0

[Event "Gipuzkoa-ch"]
[Site "San Sebastian"]
[Date "2011.10.08"]
[Round "1"]
[White "Navascues Zabaleta, Jesus"]
[Black "Irure Crespo, Egoitz"]
[Result "0-1"]
[WhiteElo "1758"]
[BlackElo "1993"]
[PlyCount "126"]
[EventDate "2011.10.08"]
[EventType "swiss"]
[EventRounds "7"]
[EventCountry "ESP"]
[SourceTitle "EXT 2024"]
[Source "ChessBase"]
[SourceDate "2023.10.10"]
[SourceVersion "1"]
[SourceVersionDate "2023.10.10"]
[SourceQuality "1"]

1. c4 Nf6 2. Nc3 d5 3. cxd5 Nxd5 4. g3 g6 5. Bg2 Nxc3 6. bxc3 Bg7 7. Qb3 c6 8. d4 0-0 9. e3 Qc7 10. Ne2 Be6 11. Qc2 Nd7 12. 0-0 Nb6 13. Nf4 Bc4 14. Re1 Nd5 15. Nd3 Rad8 16. Bd2 Rfe8 17. Nb2 Ba6 18. c4 Nf6 19. Nd3 b6 20. c5 Bxd3 21. Qxd3 bxc5 22. Qc4 cxd4 23. exd4 Nd5 24. Qc5 e6 25. Rac1 Qb6 26. Ba5 Qxc5 27. dxc5 Rd7 28. Rb1 Bd4 29. Rec1 Nf6 30. Rc4 Ng4 31. Rc2 Ne5 32. Kf1 Ng4 33. h3 Nh6 34. Rd2 e5 35. Rbd1 Rb7 36. a3 Bxc5 37. Rd8 Rxd8 38. Rxd8+ Kg7 39. Bxc6 Rb1+ 40. Ke2 Rb2+ 41. Rd2 Rxd2+ 42. Kxd2 Bxa3 43. Bc7 Bb2 44. Bb5 Nf5 45. Kd3 Bd4 46. g4 Ne7 47. Ke4 f5+ 48. Kd3 Nd5 49. Bb8 Nf4+ 50. Kc4 Nxh3 51. gxf5 gxf5 52. Kd5 Kf6 53. f3 Nf4+ 54. Kc4 h5 55. Bc7 Ne6 56. Ba5 Bf2 57. Kd3 h4 58. Ke2 Bg3 59. Kf1 h3 60. Kg1 Kg5 61. Bd2+ Bf4 62. Be1 Nd4 63. Bf1 Nxf3+ 0-1

[Event "San Sebastian op 33rd"]
[Site "San Sebastian"]
[Date "2010.03.28"]
[Round "1"]
[White "Thomassen, Joachim"]
[Black "Navascues Zabaleta, Jesus"]
[Result "1-0"]
[WhiteElo "2331"]
[BlackElo "1800"]
[PlyCount "75"]
[EventDate "2010.03.28"]
[EventType "swiss"]
[EventRounds "9"]
[EventCountry "ESP"]
[SourceTitle "CBM 135 Extra"]
[Source "ChessBase"]
[SourceDate "2010.05.04"]
[SourceVersion "1"]
[SourceVersionDate "2010.05.04"]
[SourceQuality "1"]

1. d4 e6 2. c4 d5 3. Nc3 Nf6 4. cxd5 exd5 5. Bg5 Nbd7 6. e3 c6 7. Bd3 Be7 8. Qc2 0-0 9. Nge2 h6 10. Bh4 Re8 11. f3 Nf8 12. Bf2 Ne6 13. g4 Ng5 14. Ng1 Bd6 15. 0-0-0 c5 16. h4 c4 17. Bf5 Bxf5 18. Qxf5 g6 19. Qc2 Ne6 20. g5 hxg5 21. hxg5 Nxg5 22. Bh4 Ngh7 23. Nxd5 g5 24. Bf2 Nf8 25. Nxf6+ Qxf6 26. Nh3 Be7 27. Nxg5 Qg6 28. Ne4 Qf5 29. Nd2 Qxc2+ 30. Kxc2 Bf6 31. Rdg1+ Ng6 32. f4 Kf8 33. f5 Ne7 34. e4 Nxf5 35. exf5 Re2 36. Rh2 Bxd4 37. Bxd4 Rxh2 38. Bc5+ 1-0

[Event "San Sebastian Mailako op 3rd"]
[Site "San Sebastian"]
[Date "2008.11.15"]
[Round "5"]
[White "Laniella Fernandez, Ivan"]
[Black "Navascues Zabaleta, Jesus"]
[Result "0-1"]
[WhiteElo "1610"]
[BlackElo "1865"]
[PlyCount "54"]
[EventDate "2008.10.18"]
[EventType "swiss"]
[EventRounds "7"]
[EventCountry "ESP"]
[SourceTitle "EXT 2011"]
[Source "ChessBase"]
[SourceDate "2010.11.26"]
[SourceVersion "1"]
[SourceVersionDate "2010.11.26"]
[SourceQuality "1"]

1. d4 e6 2. c4 d5 3. Nc3 Nf6 4. Bg5 Be7 5. Nf3 c6 6. e3 Nbd7 7. c5 Ne4 8. Bxe7 Qxe7 9. Nxe4 dxe4 10. Nd2 f5 11. Qh5+ g6 12. Qh6 b5 13. Be2 e5 14. b4 exd4 15. exd4 Nf6 16. Qf4 Nd5 17. Qg3 Nxb4 18. 0-0 Nc2 19. Rad1 Nxd4 20. Bf3 exf3 21. Rfe1 Ne2+ 22. Rxe2 fxe2 23. Re1 0-0 24. Qf3 Rd8 25. Qxc6 Qd7 26. Qxd7 Bxd7 27. Nb3 Rac8 0-1

[Event "San Sebastian Mailako op 3rd"]
[Site "San Sebastian"]
[Date "2008.10.18"]
[Round "1"]
[White "Sebastiani Paoli, Ruben"]
[Black "Navascues Zabaleta, Jesus"]
[Result "1-0"]
[WhiteElo "1546"]
[BlackElo "1865"]
[PlyCount "73"]
[EventDate "2008.10.18"]
[EventType "swiss"]
[EventRounds "7"]
[EventCountry "ESP"]
[SourceTitle "EXT 2011"]
[Source "ChessBase"]
[SourceDate "2010.11.26"]
[SourceVersion "1"]
[SourceVersionDate "2010.11.26"]
[SourceQuality "1"]

1. d4 e6 2. c4 d5 3. c5 Nc6 4. Nf3 Nf6 5. Bg5 Be7 6. Nc3 h6 7. Bf4 Nh5 8. Bd2 e5 9. dxe5 Bxc5 10. e3 g6 11. Be2 Ng7 12. Nb5 Ne6 13. Bc3 a6 14. Nbd4 Nexd4 15. exd4 Bb6 16. 0-0 Be6 17. h3 Qd7 18. a3 0-0-0 19. b4 Ne7 20. a4 c6 21. Qb3 Qc7 22. b5 a5 23. bxc6 Nxc6 24. Rfc1 Kb8 25. Rab1 Ba7 26. Bb5 Ka8 27. Bd2 Rc8 28. Bxc6 bxc6 29. Qc3 Bb6 30. Rb3 c5 31. Qb2 Ka7 32. dxc5 Bxc5 33. Nd4 Qd8 34. Rb5 Bb4 35. Nc6+ Rxc6 36. Rxc6 Bd7 37. Qd4+ 1-0